Norte : una antología /

Guardado en:
Bibliografiske detaljer
Hovedforfatter: Parra, Eduardo Antonio (compilación)
Format: Bog
Sprog:spansk
Udgivet: México : Era, 2016, c2016
Fag:
Tags: Tilføj Tag
Ingen Tags, Vær først til at tagge denne postø!

MARC

LEADER 00000nam^a2200000^a^4500
001 000421181
005 20250521000000.0
009 20260310122529.768
020 |a 978-607-445-422-2 
037 |a Acervo ITESO - Biblioteca 
041 |a ESP 
082 |a 863.  |b PAR 
100 |a Parra, Eduardo Antonio  |e (compilación) 
245 1 0 |a Norte :  |b una antología /  |c Comp. de E.A. Parra. 
264 4 |a México :  |b Era,  |c 2016, c2016 
300 |a 329 p. 
336 |a texto  |b txt  |2 rdacontenido 
337 |a sin mediación  |b n  |2 rdamedio 
338 |a volumen  |b nc  |2 rdasoporte 
521 |a FIL 2019 DIA 
649 |a XX 
650 |a Desiertos en la Literatura 
650 |a México (Frontera Norte) en la Literatura 
650 |a México (Región Norte) en la Literatura Mexicana 
650 |a Cuentos Mexicanos 
650 |a Novela Mexicana 
650 |a Literatura Mexicana -  |y Siglo XX 
650 |a Literatura Mexicana -  |y Siglo XXI 
910 |a Fondo General 
920 |a Impresos - Libros 
930 |a Colección General 
940 |a Literatura 
905 |a 101 
901 |a 0500340320  |b IT1  |c LIT  |i C169624  |u 20250521 
902 |a https://opac.biblio.iteso.mx/vufind/Record/000421181